LEADER 01072nam0-22003851i-450- 001 990001179280403321 005 20041213130037.0 035 $a000117928 035 $aFED01000117928 035 $a(Aleph)000117928FED01 035 $a000117928 100 $a20001205d1962----km-y0itay50------ba 101 0 $aeng 102 $aUS 200 1 $aRecent developments in information and decision processes$fRobert E. Machol, Paul Gray 210 $aNew York [etc.]$cMacmillan$d1962 215 $aX, 197 p.$cill.$d24 cm 610 0 $aStatistica matematica 610 0 $aInformazione 610 0 $aDecisioni 610 0 $aIncertezza e informazione 676 $a519.703 702 1$aMachol,$bRobert Engel 702 1$aPaul,$bGray 801 0$aIT$bUNINA$gRICA$2UNIMARC 901 $aBK 912 $a990001179280403321 952 $a8-H-5$b5126$fMA1 952 $aC/2.3 MAC/62$b025428$fSES 959 $aMA1 959 $aSES 962 $a62CXX 962 $a94-XX 996 $aRecent developments in information and decision processes$955887 997 $aUNINA LEADER 00826nam0-22002531i-450- 001 990003640160403321 005 20100629120653.0 035 $a000364016 035 $aFED01000364016 035 $a(Aleph)000364016FED01 035 $a000364016 100 $a20030910d1963----km-y0itay50------ba 101 1 $aeng$cdut 105 $ay-------001yy 200 1 $a<>waning of the Middle Ages$ea study of the forms of life, thought and art in France and the Netherlands in the XIVth and XVth centuries$fJ. Huizinga$gP. S. Thomas 210 $aLondon$c[s.n.]$d1963 700 1$aHuizinga,$bJohan$f<1872-1945>$0292479 801 0$aIT$bUNINA$gRICA$2UNIMARC 901 $aBK 912 $a990003640160403321 952 $aSE 049.03.05-$b032549$fDECSE 959 $aDECSE 996 $aWaning of the Middle Ages$9504372 997 $aUNINA